<?xml version="1.0" encoding="UTF-8"?><?xml-stylesheet type="text/xsl" href="static/style.xsl"?><OAI-PMH xmlns="http://www.openarchives.org/OAI/2.0/" xmlns:xsi="http://www.w3.org/2001/XMLSchema-instance" xsi:schemaLocation="http://www.openarchives.org/OAI/2.0/ http://www.openarchives.org/OAI/2.0/OAI-PMH.xsd"><responseDate>2026-04-28T19:51:26Z</responseDate><request verb="GetRecord" identifier="oai:uvadoc.uva.es:10324/33436" metadataPrefix="marc">https://uvadoc.uva.es/oai/request</request><GetRecord><record><header><identifier>oai:uvadoc.uva.es:10324/33436</identifier><datestamp>2021-06-29T23:08:12Z</datestamp><setSpec>com_10324_38</setSpec><setSpec>col_10324_852</setSpec></header><metadata><record xmlns="http://www.loc.gov/MARC21/slim" xmlns:doc="http://www.lyncode.com/xoai" xmlns:xsi="http://www.w3.org/2001/XMLSchema-instance" xmlns:dcterms="http://purl.org/dc/terms/" xsi:schemaLocation="http://www.loc.gov/MARC21/slim http://www.loc.gov/standards/marcxml/schema/MARC21slim.xsd">
<leader>00925njm 22002777a 4500</leader>
<datafield tag="042" ind1=" " ind2=" ">
<subfield code="a">dc</subfield>
</datafield>
<datafield tag="720" ind1=" " ind2=" ">
<subfield code="a">Santos Merchán, Marta</subfield>
<subfield code="e">author</subfield>
</datafield>
<datafield tag="260" ind1=" " ind2=" ">
<subfield code="c">2018</subfield>
</datafield>
<datafield tag="520" ind1=" " ind2=" ">
<subfield code="a">Con este trabajo se pretende rastrear las fuentes clásicas de las que se sirve Bertolt Brecht en Los negocios del Señor Julio César para la creación del personaje de Julio César. En primer lugar, a modo de introducción, hablaremos sobre el género de la novela histórica, sus antecedentes y su evolución. Después, presentaremos al autor, Bertolt Brecht, y la propia novela, así como las influencias que encontramos en ella y la utilización ideológica de las mismas.</subfield>
</datafield>
<datafield tag="024" ind2=" " ind1="8">
<subfield code="a">http://uvadoc.uva.es/handle/10324/33436</subfield>
</datafield>
<datafield tag="245" ind1="0" ind2="0">
<subfield code="a">La visión de César en Los negocios del señor Julio César de Bertolt Brecht</subfield>
</datafield>
</record></metadata></record></GetRecord></OAI-PMH>